Znajdź smoki na mapie Krakowa - Statystyki

Ogólne statystyki
  • Ten quiz został rozwiązany 74 razy
  • Średni wynik to 5 z 24
Odpowiedzi na mapie
Odpowiedzi zakodowano w zielono-czerwonej skali na mapie do tego quizu, zgodnie z poniższymi procentami.
 
Statystyki odpowiedzi
Imię smoka Lokalizacja % Poprawnych
Smok wawelski Zamek {Wawel}
88%
Smok przy zoo Ogród Zoologiczny
35%
Smok Żołnierz CK Rondo {Mogilskie}
35%
Smok Romantyk Kładka {Ojca Bernatka}
25%
Smok Astronom ul. {Kopernika} 27
25%
Smok Lekarz ul. {Kopernika} 40
25%
Smok z metrem ul. {Kopernika} 9
25%
Smok Emausowy ul. {Kościuszki} 88
23%
Smok Fotograf ul. {Rakowicka} 22a
23%
Smok z latawcem Park {Jordana}
21%
Smok Filmowiec Aleja {Krasińskiego}
19%
Smok Kazimierz ul. {Podgórska} 34
19%
Smok z mapą Park {Krakowski}
17%
Smok Sportowiec ul. {Marszałka Piłsudskiego} 27
17%
Smok Stradomski ul. {Stradomska} 12-14
15%
Smok Turysta Park {Bednarskiego}
10%
Smok Malarz Plac {Axentowicza}
8%
Smok Geodeta Aleja {Dembowskiego} 12
6%
Smok Wodny Plac {Na Groblach}
6%
Smok z literą K ul. {Rybaki}
6%
Smoczyca Przekupka Plac {Na Stawach}
4%
Smok Lajkonik Skwer {Konika Zwierzynieckiego}
4%
Smok zjeżdżający z górki ul. {Jodłowa}
4%
Smok Muzyk ul. {Fałata}
2%
Nie znaleziono quizów pasujących do podanych kryteriów
Rozkład punktacji
Procent ludzi z każdym wynikiem
Percentyl według liczby udzielonych odpowiedzi
Twoja historia wyników
Nie rozwiązałeś tego quizu